Infectious disease epidemiology : (Record no. 19833)

MARC details
000 -LEADER
fixed length control field 01077cam a2200337 a 4500
001 - CONTROL NUMBER
control field 17476084
003 - CONTROL NUMBER IDENTIFIER
control field OSt
005 - DATE AND TIME OF LATEST TRANSACTION
control field 20230112153555.0
008 - FIXED-LENGTH DATA ELEMENTS--GENERAL INFORMATION
fixed length control field 120925s2014 maua b 001 0 eng
010 ## - LIBRARY OF CONGRESS CONTROL NUMBER
LC control number 2012039132
020 ## - INTERNATIONAL STANDARD BOOK NUMBER
International Standard Book Number 9780763795337
020 ## - INTERNATIONAL STANDARD BOOK NUMBER
International Standard Book Number 1449683797 (hard cover)
035 ## - SYSTEM CONTROL NUMBER
System control number (DNLM)101592801
040 ## - CATALOGING SOURCE
Original cataloging agency DNLM/DLC
Transcribing agency DLC
Modifying agency DLC
042 ## - AUTHENTICATION CODE
Authentication code pcc
050 00 - LIBRARY OF CONGRESS CALL NUMBER
Classification number RA643
Item number .I54 2014
060 10 - NATIONAL LIBRARY OF MEDICINE CALL NUMBER
Classification number WC 100
082 00 - DEWEY DECIMAL CLASSIFICATION NUMBER
Classification number 614.5
Edition number 23
245 00 - TITLE STATEMENT
Title Infectious disease epidemiology :
Remainder of title theory and practice /
Statement of responsibility, etc. edited by Kenrad E. Nelson,& Carolyn Masters Williams.
250 ## - EDITION STATEMENT
Edition statement 3rd ed.
260 ## - PUBLICATION, DISTRIBUTION, ETC. (IMPRINT)
Place of publication, distribution, etc. Burlington, Mass. :
Name of publisher, distributor, etc. Jones & Bartlett Learning,
Date of publication, distribution, etc. 2014.
300 ## - PHYSICAL DESCRIPTION
Extent xviii, 963 p. :
504 ## - BIBLIOGRAPHY, ETC. NOTE
Bibliography, etc Includes bibliographical references and index.
650 #0 - SUBJECT ADDED ENTRY--TOPICAL TERM
Topical term or geographic name as entry element Communicable diseases
General subdivision Epidemiology.
650 12 - SUBJECT ADDED ENTRY--TOPICAL TERM
Topical term or geographic name as entry element Communicable Diseases
General subdivision epidemiology.
650 22 - SUBJECT ADDED ENTRY--TOPICAL TERM
Topical term or geographic name as entry element Disease Outbreaks.
650 22 - SUBJECT ADDED ENTRY--TOPICAL TERM
Topical term or geographic name as entry element Epidemiologic Methods.
906 ## - LOCAL DATA ELEMENT F, LDF (RLIN)
a 7
b cbc
c orignew
d 1
e ecip
f 20
g y-gencatlg
942 ## - ADDED ENTRY ELEMENTS (KOHA)
Source of classification or shelving scheme Library of Congress Classification
Koha item type General Collection
Holdings
Withdrawn status Lost status Source of classification or shelving scheme Not for loan Home library Current library Date acquired Cost, normal purchase price Total Checkouts Full call number Barcode Date last seen Price effective from Koha item type
    Library of Congress Classification   Kabarak, Main Campus Kabarak, Main Campus 12/01/2023 23854.00   RA643 .I54 2014 c.1 33084 12/01/2023 12/01/2023 General Collection
Designed with assistance from East African Informatics Ltd